000 00517nam a2200181Ia 4500
008 100920s9999 xx 000 0 und d
082 _b550
_a--- 0
100 _aखानोलकर चिंतामणी त्र्यंबक.
245 _aकोंडुरा.
260 _b---
_c0
300 _a150
_bसाधी
365 _b7
520 _aकादंबरी.
630 _aकोंडुरा.
650 _aकादंबरी.
730 _aकोंडुरा.
942 _cBOOK
999 _c671513
_d671510